[Event "EU-ch U18 Girls"]
[Site "Bratislava"]
[Date "2019.08.02"]
[Round "1"]
[White "Sibajeva, Marija"]
[Black "Ryder, Kynesha"]
[Result "1-0"]
[WhiteElo "1996"]
[BlackElo "1525"]
[PlyCount "99"]
[EventDate "2019.08.02"]
[EventType "swiss"]
[EventRounds "9"]
[EventCountry "SVK"]
[SourceTitle "CBM 191 Extra"]
[Source "ChessBase"]
[SourceDate "2019.09.30"]
[SourceVersion "1"]
[SourceVersionDate "2019.09.30"]
[SourceQuality "1"]

1. e4 e5 2. Nf3 Nf6 3. Nxe5 d6 4. Nf3 Nxe4 5. Nc3 Nxc3 6. dxc3 Be7 7. Be3 Nc6 8. Qd2 Bg4 9. Be2 a6 10. 0-0-0 Qd7 11. h3 Bh5 12. Kb1 Bg6 13. Rhe1 0-0-0 14. Nd4 Nxd4 15. Qxd4 h5 16. Qxg7 Qf5 17. Bd3 Qf6 18. Bd4 Qxg7 19. Bxg7 Rhe8 20. g3 Kd7 21. Bxg6 fxg6 22. c4 Rg8 23. Bc3 Rde8 24. c5 Kc6 25. Re6 Bd8 26. Rxe8 Rxe8 27. cxd6 cxd6 28. Bb4 d5 29. Re1 Rxe1+ 30. Bxe1 Bb6 31. Kc1 Kc5 32. Kd2 Kd4 33. f3 Ke5 34. Kd3 Bc5 35. c3 b6 36. Bd2 Bf2 37. Bf4+ Kf5 38. Ke2 Bc5 39. Be3 a5 40. a4 Ke5 41. Kd3 Ke6 42. Bd4 Kf5 43. Ke3 Kg5 44. f4+ Kf5 45. Kf3 Ke6 46. g4 h4 47. Bf2 d4 48. Bxd4 Bxd4 49. cxd4 Kd5 50. f5 1-0

[Event "Dublin Super Cup U19"]
[Site "Dublin"]
[Date "2018.10.21"]
[Round "4.2"]
[White "O'Gorman, Alice"]
[Black "Ryder, Kynesha"]
[Result "1-0"]
[WhiteElo "1868"]
[BlackElo "1487"]
[PlyCount "63"]
[EventDate "2018.10.20"]
[EventType "tourn"]
[EventRounds "7"]
[EventCountry "IRL"]
[SourceTitle "EXT 2023"]
[Source "ChessBase"]
[SourceDate "2022.10.05"]
[SourceVersion "1"]
[SourceVersionDate "2022.10.05"]
[SourceQuality "1"]

1. e4 e5 2. Nf3 Nf6 3. Nxe5 d6 4. Nf3 Nxe4 5. d4 d5 6. Bd3 Nc6 7. 0-0 Be7 8. Re1 Bf5 9. c4 Nb4 10. Bf1 0-0 11. a3 Nc6 12. Nc3 Nxc3 13. bxc3 Re8 14. Bf4 Rc8 15. cxd5 Qxd5 16. c4 Qd7 17. d5 Na5 18. Ne5 Qd8 19. Bd2 Bf6 20. f4 c6 21. Qa4 b6 22. Bxa5 bxa5 23. Rad1 Qb6+ 24. Kh1 Qf2 25. Qxa5 Bd8 26. Qb4 Bb6 27. Bd3 Bxd3 28. Nxd3 Rxe1+ 29. Rxe1 Qd4 30. Qe7 Rf8 31. Ne5 Bd8 32. Qxf8+ 1-0

[Event "Dublin Super Cup U19"]
[Site "Dublin"]
[Date "2018.10.20"]
[Round "1.4"]
[White "O'Donnell, Conor"]
[Black "Ryder, Kynesha"]
[Result "1-0"]
[WhiteElo "2360"]
[BlackElo "1487"]
[PlyCount "51"]
[EventDate "2018.10.20"]
[EventType "tourn"]
[EventRounds "7"]
[EventCountry "IRL"]
[SourceTitle "EXT 2023"]
[Source "ChessBase"]
[SourceDate "2022.10.05"]
[SourceVersion "1"]
[SourceVersionDate "2022.10.05"]
[SourceQuality "1"]

1. c4 f5 2. g3 g6 3. Bg2 Nf6 4. Nc3 d6 5. d4 Bg7 6. Nf3 0-0 7. 0-0 c6 8. Rb1 Ne4 9. Qc2 d5 10. Rd1 Nxc3 11. Qxc3 h6 12. h4 Be6 13. Bf4 Nd7 14. Qe3 Bf7 15. Bxh6 dxc4 16. Bxg7 Kxg7 17. Ng5 Nf6 18. Nxf7 Kxf7 19. Qc3 e6 20. Qxc4 Nd5 21. e4 fxe4 22. Bxe4 Kg7 23. b4 Kh7 24. Rd2 Rc8 25. Re1 Qd7 26. Bg2 1-0

[Event "IRL-ch (Women)"]
[Site "Dublin"]
[Date "2017.11.12"]
[Round "4"]
[White "Gora, Antonina"]
[Black "Ryder, Kynesha"]
[Result "1-0"]
[WhiteElo "1840"]
[BlackElo "1492"]
[PlyCount "63"]
[EventDate "2017.11.10"]
[EventType "swiss"]
[EventRounds "5"]
[EventCountry "IRL"]
[SourceTitle "EXT 2019"]
[Source "ChessBase"]
[SourceDate "2018.10.10"]
[SourceVersion "1"]
[SourceVersionDate "2018.10.10"]
[SourceQuality "1"]

1. e4 e5 2. Nf3 Nf6 3. Nxe5 d6 4. Nf3 Nxe4 5. Be2 Be7 6. 0-0 0-0 7. d3 Nf6 8. Nbd2 Nc6 9. c3 d5 10. d4 Qd6 11. Bd3 Bg4 12. Re1 Nd7 13. Nf1 Qf6 14. Be2 Bd6 15. Bg5 Qf5 16. Ne3 Qe6 17. Nxg4 Qxg4 18. h3 Qh5 19. Qd2 f6 20. Bf4 Qf7 21. Bxd6 cxd6 22. Qf4 Rfe8 23. Qxd6 Nb6 24. Qg3 Ne7 25. Bb5 Rec8 26. Bd3 Re8 27. Re2 Ng6 28. Rae1 a6 29. Rxe8+ Rxe8 30. Rxe8+ Qxe8 31. Qd6 Qd7 32. Qxb6 1-0